| 000 | 00789cam a22002651 4500 | ||
|---|---|---|---|
| 001 | sa 64002667 | ||
| 003 | DLC | ||
| 005 | 20260227112011.0 | ||
| 008 | 770419s1962 ii b f000 0 eng | ||
| 010 | _asa 64002667 | ||
| 035 | _a(OCoLC)2901877 | ||
| 040 |
_aDLC _cCoFS _dCoFS _dDLC |
||
| 042 | _apremarc | ||
| 050 | 0 | 0 |
_aSB733 _b.R3 |
| 100 | 1 |
_aRangaswami, G. _q(Govindachetty), _d1925- |
|
| 245 | 1 | 0 |
_aPythiaceous fungi _b(a review) _cby G. Rangaswami. |
| 260 |
_aNew Delhi, _bIndian Council of Agricultural Research, _c[1962] |
||
| 300 |
_axiii, 276 p. _c25 cm. |
||
| 500 | _a"First published August 1961." | ||
| 504 | _aBibliography: p. 149-261. | ||
| 650 | 0 | _aPythium. | |
| 650 | 0 | _aPhytophthora. | |
| 650 | 0 |
_aPhytopathogenic fungi _xHost plants. |
|
| 650 | 0 | _aPlant diseases. | |
| 999 |
_c57447 _d57447 |
||